LEADER 00906nam0-22003011i-450- 001 990006988080403321 005 20011031 035 $a000698808 035 $aFED01000698808 035 $a(Aleph)000698808FED01 035 $a000698808 100 $a20011031d1945----km-y0itay50------ba 101 0 $ager 102 $aCH 105 $ay---m---001yy 200 1 $a<>Schweizerische Viehwährschaftsrecht$emit besonderer Berücksichtigung des Zuchtviehs$fHans Ueltschi Fürsprecher 210 $aBern$cBuchverlag Verbandsdruckerei$d1945 215 $a88 p.$d24 cm 328 $aDissertation 676 $a338.176$v20$zita 700 1$aFürsprecher,$bHans Ueltschi$0412669 801 0$aIT$bUNINA$gRICA$2UNIMARC 901 $aBK 912 $a990006988080403321 952 $aDISSERTAZIONI 722$b41238$fFGBC 959 $aFGBC 996 $aSchweizerische Viehwährschaftsrecht$9698734 997 $aUNINA LEADER 01188nam a2200289 i 4500 001 991001037009707536 005 20020502182732.0 008 010806s1993 us ||| | eng 020 $a0271010134 035 $ab11454684-39ule_inst 035 $aPRUMB53886$9ExL 040 $aDip. SSSC$bita 100 1 $aAfzal-Khan, Fawzia$0223716 245 10$aCultural imperialism and the Indo-English novel :$bgenre and ideology in R.K. Narayan, Anita Desai, Kamala Markandaya, and Salman Rushdie /$cFawzia Afzal-Khan 260 $aUniversity Park :$bPennsylvania State University Press,$cc1993 300 $aX, 194 p. ;$c24 cm. 650 4$aDesai, Anita, 1937$xStudi 650 4$aImperialismo nella letteratura 650 4$aLetteratura e società - India$xStoria$ySec. XX 650 4$aNarayan, R. K., 1906$xStudi 650 4$aRushdie, Salman$xStudi 907 $a.b11454684$b02-04-14$c01-07-02 912 $a991001037009707536 945 $aLE021 FH10B70$g1$i2021000047039$lle021$o-$pE0.00$q-$rl$s- $t0$u1$v1$w1$x0$y.i11641538$z01-07-02 996 $aCultural imperialism and the Indo-English novel$9563711 997 $aUNISALENTO 998 $ale021$b01-01-01$cm$da $e-$feng$gus $h0$i1